[Event "Madrid-ch sf-A"]
[Site "Madrid"]
[Date "2014.03.25"]
[Round "8"]
[White "Elissalt Cardenas, Hector"]
[Black "Mansilla Tolosa, Luis Eduardo"]
[Result "1-0"]
[WhiteElo "2369"]
[BlackElo "2035"]
[PlyCount "57"]
[EventDate "2014.03.10"]
[EventType "swiss"]
[EventRounds "9"]
[EventCountry "ESP"]
[SourceTitle "EXT 2015"]
[Source "ChessBase"]
[SourceDate "2014.11.20"]
[SourceVersion "1"]
[SourceVersionDate "2014.11.20"]
[SourceQuality "1"]

1. d4 f5 2. h3 e6 3. g4 Be7 4. gxf5 exf5 5. Nf3 Nf6 6. Rg1 0-0 7. Bh6 Ne8 8. e3 Kh8 9. Bf4 d5 10. c4 Nf6 11. Nc3 Be6 12. Qb3 b6 13. Be5 Nc6 14. cxd5 Na5 15. Qb5 a6 16. Qd3 Bxd5 17. Qxf5 Ne8 18. Bxg7+ Nxg7 19. Qxd5 Qxd5 20. Nxd5 Bd6 21. Ng5 Rf5 22. Nc3 h6 23. Nge4 Be7 24. Bd3 Rh5 25. Ke2 Rxh3 26. Nd5 Bd6 27. Nxd6 cxd6 28. Rac1 Re8 29. Rc7 1-0

[Event "Madrid-ch sf-A"]
[Site "Madrid"]
[Date "2014.03.17"]
[Round "4"]
[White "Mansilla Tolosa, Luis Eduardo"]
[Black "Luna Hermoso, Angel"]
[Result "1-0"]
[WhiteElo "2035"]
[BlackElo "1973"]
[PlyCount "65"]
[EventDate "2014.03.10"]
[EventType "swiss"]
[EventRounds "9"]
[EventCountry "ESP"]
[SourceTitle "EXT 2015"]
[Source "ChessBase"]
[SourceDate "2014.11.20"]
[SourceVersion "1"]
[SourceVersionDate "2014.11.20"]
[SourceQuality "1"]

1. d4 Nf6 2. c4 e5 3. dxe5 Ne4 4. a3 Nc6 5. Nf3 d6 6. Qc2 Bf5 7. Nc3 d5 8. cxd5 Nxc3 9. Qxf5 g6 10. Qc2 Nxd5 11. e4 Nb6 12. Bb5 Be7 13. Bh6 Nd7 14. Rd1 Rb8 15. Bxc6 bxc6 16. e6 fxe6 17. Ne5 Bd6 18. Nxd7 Kxd7 19. e5 Rb5 20. exd6 cxd6 21. Bf4 e5 22. Bg3 Qa5+ 23. b4 Qxa3 24. 0-0 Qxb4 25. Rb1 Qa5 26. Rxb5 Qxb5 27. Rb1 Qa6 28. Qd2 Ke6 29. Rd1 Qa3 30. Bxe5 dxe5 31. Qd7+ Kf6 32. Rd6+ Kg5 33. Qe7+ 1-0

[Event "Madrid-ch sf-A"]
[Site "Madrid"]
[Date "2013.03.20"]
[Round "7"]
[White "Spitzer Isbert, Ramon"]
[Black "Mansilla Tolosa, Luis Eduardo"]
[Result "1/2-1/2"]
[WhiteElo "2089"]
[BlackElo "2036"]
[PlyCount "117"]
[EventDate "2013.03.11"]
[EventType "swiss"]
[EventRounds "9"]
[EventCountry "ESP"]
[SourceTitle "CBM 153 Extra"]
[Source "ChessBase"]
[SourceDate "2013.04.22"]
[SourceVersion "1"]
[SourceVersionDate "2013.04.22"]
[SourceQuality "1"]

1. e4 c6 2. Nf3 d5 3. Nc3 dxe4 4. Nxe4 Nf6 5. Ng3 Bg4 6. h3 Bxf3 7. Qxf3 Qd5 8. Qb3 Qxb3 9. axb3 e6 10. Be2 Bd6 11. 0-0 Nbd7 12. d3 0-0 13. Be3 a6 14. Rfe1 Nd5 15. Bd2 Rfd8 16. Ne4 Be7 17. Bd1 N7f6 18. Ng5 Bb4 19. c3 Bd6 20. Ra4 Ne7 21. Bc2 b5 22. Raa1 Ned5 23. g3 c5 24. Nf3 Nd7 25. d4 N5f6 26. dxc5 Bxc5 27. b4 Bd6 28. Be3 Nd5 29. Bd4 Rdc8 30. Be4 Bf8 31. Re2 g6 32. b3 Bg7 33. Bxd5 exd5 34. Re7 Bxd4 35. cxd4 Nf8 36. Ng5 f6 37. Nf7 Re8 38. Rae1 Rxe7 39. Rxe7 Rc8 40. Nh6+ Kh8 41. Ng4 Rc6 42. Rf7 Kg8 43. Rxf6 Rxf6 44. Nxf6+ Kf7 45. Nxd5 Ne6 46. Kf1 Nxd4 47. Nc7 Nxb3 48. Nxa6 Kf6 49. Ke2 Ke5 50. Kd3 g5 51. Nc7 Nc1+ 52. Kc2 Na2 53. Kb3 Nc1+ 54. Kc2 Na2 55. Nxb5 Nxb4+ 56. Kc3 Nd5+ 57. Kd3 h5 58. f3 h4 59. gxh4 1/2-1/2

[Event "Madrid-ch sf-A"]
[Site "Madrid"]
[Date "2012.04.24"]
[Round "8"]
[White "Pastor Alonso de Prado, Emilio Alberto"]
[Black "Mansilla Tolosa, Luis Eduardo"]
[Result "1-0"]
[WhiteElo "2218"]
[BlackElo "2048"]
[PlyCount "81"]
[EventDate "2012.04.10"]
[EventType "swiss"]
[EventRounds "9"]
[EventCountry "ESP"]
[SourceTitle "CBM 148 Extra"]
[Source "ChessBase"]
[SourceDate "2012.06.22"]
[SourceVersion "1"]
[SourceVersionDate "2012.06.22"]
[SourceQuality "1"]

1. e4 c6 2. d4 d5 3. e5 c5 4. dxc5 Nc6 5. Bb5 e6 6. Be3 Nge7 7. c3 Bd7 8. Bxc6 Bxc6 9. Nf3 Nf5 10. Bd4 a5 11. a4 Be7 12. 0-0 0-0 13. Re1 Rb8 14. b4 Qc7 15. Na3 Rfc8 16. Nb5 Bxb5 17. axb5 axb4 18. b6 Qd8 19. cxb4 Nxd4 20. Qxd4 f6 21. Ra7 f5 22. Qa1 Qe8 23. Nd4 Bg5 24. Qa2 g6 25. Qe2 Rd8 26. g3 Bh6 27. Nb5 Bf8 28. Nd6 Qc6 29. Qe3 Bxd6 30. exd6 e5 31. Qxe5 Re8 32. Qa1 Rxe1+ 33. Qxe1 Re8 34. Qa1 d4 35. Ra8 d3 36. Qa2+ Kf8 37. f3 Rxa8 38. Qxa8+ Kf7 39. Qa2+ Kf6 40. Qb2+ Ke6 41. Qb3+ 1-0

[Event "Madrid-ch sf-A"]
[Site "Madrid"]
[Date "2012.04.12"]
[Round "3"]
[White "Mansilla Tolosa, Luis Eduardo"]
[Black "Martin Duque, Jesus"]
[Result "0-1"]
[WhiteElo "2048"]
[BlackElo "2176"]
[PlyCount "44"]
[EventDate "2012.04.10"]
[EventType "swiss"]
[EventRounds "9"]
[EventCountry "ESP"]
[SourceTitle "CBM 148 Extra"]
[Source "ChessBase"]
[SourceDate "2012.06.22"]
[SourceVersion "1"]
[SourceVersionDate "2012.06.22"]
[SourceQuality "1"]

1. d4 Nf6 2. Nf3 d5 3. c4 e6 4. g3 Be7 5. Bg2 0-0 6. 0-0 dxc4 7. Qc2 b5 8. a4 b4 9. Nbd2 Bb7 10. Nxc4 a5 11. Bf4 Be4 12. Qd2 Nd5 13. Ng5 Bxg2 14. Kxg2 Nxf4+ 15. gxf4 Bxg5 16. fxg5 Qd5+ 17. e4 Qxc4 18. Rfc1 Qa6 19. Rxc7 Ra7 20. Rac1 Rxc7 21. Rxc7 Qb6 22. Rc5 Nc6 0-1

[Event "Madrid-chT"]
[Site "Madrid"]
[Date "2011.12.18"]
[Round "5.46"]
[White "Bermejo Arruego, Luis"]
[Black "Mansilla Tolosa, Luis Eduardo"]
[Result "0-1"]
[WhiteElo "2171"]
[BlackElo "2070"]
[PlyCount "70"]
[EventDate "2011.11.13"]
[EventType "team-tourn"]
[EventRounds "14"]
[EventCountry "ESP"]
[SourceTitle "EXT 2013"]
[Source "ChessBase"]
[SourceDate "2012.11.22"]
[SourceVersion "1"]
[SourceVersionDate "2012.11.22"]
[SourceQuality "1"]
[WhiteTeam "Villalba"]
[BlackTeam "Moratalaz"]
[WhiteTeamCountry "ESP"]
[BlackTeamCountry "ESP"]

1. e4 c6 2. Nf3 d5 3. exd5 cxd5 4. Ne5 Nf6 5. d4 e6 6. c3 Be7 7. Nd2 0-0 8. Bd3 Nc6 9. f4 Ne8 10. 0-0 f5 11. Ndf3 Nf6 12. Nxc6 bxc6 13. b4 a5 14. Bd2 axb4 15. cxb4 Ra3 16. Qc2 Qb6 17. Rfb1 Ne4 18. Bc1 Rc3 19. Qe2 Bf6 20. Be3 Ra3 21. Rb2 Nc3 22. Qc2 Nb5 23. Bxb5 Rxe3 24. Qxc6 Qxc6 25. Bxc6 Rxf3 26. gxf3 Bxd4+ 27. Kg2 Bxb2 28. Rb1 Bd4 29. a4 Rd8 30. a5 Bc3 31. Rb3 d4 32. Bb5 Bd7 33. Bd3 Rb8 34. a6 Bc8 35. b5 Bxa6 0-1

[Event "POR-chT"]
[Site "Torres Vedras"]
[Date "2011.07.27"]
[Round "5.8"]
[White "Gallardo Retortillo, Enrique"]
[Black "Mansilla Tolosa, Luis Eduardo"]
[Result "1-0"]
[WhiteElo "2149"]
[BlackElo "2073"]
[PlyCount "93"]
[EventDate "2011.07.23"]
[EventType "team-swiss"]
[EventRounds "9"]
[EventCountry "POR"]
[SourceTitle "CBM 143 Extra"]
[Source "ChessBase"]
[SourceDate "2011.08.29"]
[SourceVersion "1"]
[SourceVersionDate "2011.08.29"]
[SourceQuality "1"]
[WhiteTeam "Diana"]
[BlackTeam "Porto GX"]
[WhiteTeamCountry "POR"]
[BlackTeamCountry "POR"]

1. d4 d5 2. c4 e6 3. Nf3 Nf6 4. Nc3 Be7 5. Bg5 Nbd7 6. e3 Ne4 7. Bxe7 Qxe7 8. Rc1 c6 9. Bd3 f5 10. 0-0 0-0 11. Ne2 Rf6 12. g3 b6 13. Qa4 Bb7 14. cxd5 exd5 15. Ba6 Bxa6 16. Qxa6 Qe8 17. Rc2 Qh5 18. Kg2 Qe8 19. Rfc1 Qc8 20. Qxc8+ Rxc8 21. Nf4 Rd6 22. Ne5 g5 23. Nfd3 Nxe5 24. Nxe5 c5 25. f3 Nf6 26. dxc5 bxc5 27. Rxc5 Rxc5 28. Rxc5 Ra6 29. Rc8+ Kg7 30. Rc7+ Kg8 31. a3 Rb6 32. Rc8+ Kg7 33. Rc7+ Kf8 34. b4 a5 35. b5 Ne8 36. Rc5 Ke7 37. Rxd5 Ke6 38. Rc5 Kd6 39. Nd3 Nc7 40. a4 Nd5 41. e4 fxe4 42. fxe4 Nb4 43. e5+ Ke6 44. Nxb4 axb4 45. Rc4 Kxe5 46. Rxb4 Kd5 47. a5 1-0

[Event "POR-chT"]
[Site "Torres Vedras"]
[Date "2011.07.26"]
[Round "4.8"]
[White "Mansilla Tolosa, Luis Eduardo"]
[Black "Aguiar, Henrique Rui Neves"]
[Result "0-1"]
[WhiteElo "2073"]
[BlackElo "1938"]
[PlyCount "62"]
[EventDate "2011.07.23"]
[EventType "team-swiss"]
[EventRounds "9"]
[EventCountry "POR"]
[SourceTitle "CBM 143 Extra"]
[Source "ChessBase"]
[SourceDate "2011.08.29"]
[SourceVersion "1"]
[SourceVersionDate "2011.08.29"]
[SourceQuality "1"]
[WhiteTeam "Porto GX"]
[BlackTeam "Galitos"]
[WhiteTeamCountry "POR"]
[BlackTeamCountry "POR"]

1. b3 Nf6 2. Bb2 g6 3. g3 Bg7 4. Bg2 0-0 5. e4 d6 6. Ne2 Nc6 7. 0-0 e5 8. d4 Bd7 9. d5 Ne7 10. c4 g5 11. Qd2 g4 12. Nbc3 Ng6 13. b4 h5 14. Nd1 Nh7 15. f4 gxf3 16. Bxf3 h4 17. g4 Ng5 18. Ne3 Bh6 19. Kg2 Nxf3 20. Kxf3 Qf6+ 21. Kg2 Qg5 22. Bc1 Bxg4 23. Kh1 Qxe3 24. Qxe3 Bxe3 25. Bxe3 Bxe2 26. Rf2 Bxc4 27. Rg1 c6 28. dxc6 bxc6 29. Bg5 Bd3 30. Rg4 f5 31. exf5 Bxf5 0-1

[Event "Madrid-ch sf-A"]
[Site "Madrid"]
[Date "2011.01.17"]
[Round "1"]
[White "Mansilla Tolosa, Luis Eduardo"]
[Black "Martin Consuegra, Barrilero Javier"]
[Result "1-0"]
[WhiteElo "2081"]
[BlackElo "1906"]
[PlyCount "45"]
[EventDate "2011.01.17"]
[EventType "swiss"]
[EventRounds "9"]
[EventCountry "ESP"]
[SourceTitle "CBM 140 Extra"]
[Source "ChessBase"]
[SourceDate "2011.03.01"]
[SourceVersion "1"]
[SourceVersionDate "2011.03.01"]
[SourceQuality "1"]

1. d4 d6 2. c4 Nf6 3. Nc3 c6 4. g3 Nbd7 5. Bg2 e5 6. Nf3 Be7 7. 0-0 0-0 8. Qc2 Qc7 9. b3 Re8 10. Bb2 Bf8 11. Rac1 Nb6 12. h3 Bd7 13. c5 Nbd5 14. cxd6 Bxd6 15. dxe5 Nxc3 16. Qxc3 Ne4 17. Qd4 Nxg3 18. fxg3 Bf8 19. Ng5 Be6 20. Qd3 g6 21. Ne4 Red8 22. Qf3 Bd5 23. Nf6+ 1-0

[Event "Madrid Oliver Gonzalez Memorial 1st"]
[Site "Madrid"]
[Date "2010.10.14"]
[Round "6"]
[White "Vidaurre, Luis"]
[Black "Mansilla Tolosa, Luis Eduardo"]
[Result "1/2-1/2"]
[WhiteElo "1860"]
[BlackElo "2107"]
[PlyCount "48"]
[EventDate "2010.10.09"]
[EventType "swiss"]
[EventRounds "9"]
[EventCountry "ESP"]
[SourceTitle "CBM 138 Extra"]
[Source "ChessBase"]
[SourceDate "2010.10.29"]
[SourceVersion "1"]
[SourceVersionDate "2010.10.29"]
[SourceQuality "1"]

1. d4 Nf6 2. Nf3 e6 3. Bf4 d5 4. e3 Bd6 5. Bxd6 Qxd6 6. Nbd2 0-0 7. Bd3 c5 8. c4 cxd4 9. Nxd4 Nc6 10. Nxc6 bxc6 11. 0-0 e5 12. Rc1 Bg4 13. f3 Bh5 14. g4 Bg6 15. Bxg6 hxg6 16. Qe2 Rab8 17. b3 g5 18. Rfd1 d4 19. c5 Qd5 20. Nf1 Rb5 21. exd4 exd4 22. Rc4 Rxc5 23. Rdxd4 Qe5 24. Qxe5 Rxe5 1/2-1/2

[Event "Moratalaz op 23rd"]
[Site "Madrid"]
[Date "2010.09.18"]
[Round "3"]
[White "Mansilla Tolosa, Luis Eduardo"]
[Black "Rubio Mejia, Luis Ignacio"]
[Result "0-1"]
[WhiteElo "2118"]
[BlackElo "2354"]
[PlyCount "100"]
[EventDate "2010.09.16"]
[EventType "swiss"]
[EventRounds "9"]
[EventCountry "ESP"]
[SourceTitle "CBM 138 Extra"]
[Source "ChessBase"]
[SourceDate "2010.10.29"]
[SourceVersion "1"]
[SourceVersionDate "2010.10.29"]
[SourceQuality "1"]

1. d4 Nf6 2. c4 e6 3. Nf3 b6 4. g3 Bb7 5. Bg2 Be7 6. 0-0 0-0 7. Nc3 Ne4 8. Nxe4 Bxe4 9. Ne5 Bxg2 10. Kxg2 d6 11. Nf3 Nd7 12. b3 Bf6 13. Bb2 c5 14. Rb1 cxd4 15. Nxd4 Qc7 16. f3 a6 17. e4 Qb7 18. Ne2 Be7 19. Qd4 Nf6 20. e5 dxe5 21. Qxe5 Rfc8 22. Bd4 b5 23. cxb5 axb5 24. Rb2 b4 25. Nf4 Bf8 26. Re1 Nd7 27. Qe4 Qxe4 28. Rxe4 Ra6 29. Nd3 Nb6 30. Bxb6 Rxb6 31. Kf2 g6 32. Rc4 Rd8 33. Ke3 h5 34. Rbc2 Rd5 35. Rc6 Rb8 36. Rc8 Rbb5 37. R2c4 Kg7 38. Ra8 Rd7 39. h3 Rbd5 40. Nxb4 Bc5+ 41. Rxc5 Rxc5 42. f4 Rc3+ 43. Ke2 Rxg3 44. Nc6 Rc7 45. Ra6 Rc3 46. Ne5 Rxh3 47. Kd2 h4 48. b4 Rh2+ 49. Ke3 Rb2 50. Nf3 Rc3+ 0-1

[Event "Madrid-ch sf-B"]
[Site "Madrid"]
[Date "2010.01.23"]
[Round "7"]
[White "Mansilla Tolosa, Luis Eduardo"]
[Black "Tome Vazquez, Oscar"]
[Result "1/2-1/2"]
[WhiteElo "2109"]
[BlackElo "2022"]
[PlyCount "78"]
[EventDate "2010.01.08"]
[EventType "swiss"]
[EventRounds "9"]
[EventCountry "ESP"]
[SourceTitle "CBM 134 Extra"]
[Source "ChessBase"]
[SourceDate "2010.03.03"]
[SourceVersion "1"]
[SourceVersionDate "2010.03.03"]
[SourceQuality "1"]

1. d4 g6 2. e4 Bg7 3. Bc4 e6 4. Nf3 d6 5. 0-0 a6 6. Bg5 Ne7 7. Nc3 Nd7 8. Qd2 h6 9. Be3 b6 10. a4 Bb7 11. Rad1 Nf6 12. Qd3 g5 13. e5 Ng4 14. exd6 cxd6 15. Qe2 Nf6 16. Nd2 Nfd5 17. Nxd5 Nxd5 18. c3 f5 19. f4 g4 20. Rfe1 0-0 21. Nf1 Qf6 22. Qc2 Rab8 23. Bc1 Kh8 24. Qe2 Nc7 25. Ng3 Qg6 26. Bd3 h5 27. Nf1 Rbe8 28. Qc2 Nd5 29. Re2 h4 30. Rde1 Bh6 31. g3 Bg7 32. Ne3 Nxe3 33. Bxe3 e5 34. dxe5 dxe5 35. fxe5 Qc6 36. Bf4 Qh1+ 37. Kf2 Qf3+ 38. Kg1 Qh1+ 39. Kf2 Qf3+ 1/2-1/2

[Event "Madrid-ch sf-B"]
[Site "Madrid"]
[Date "2010.01.15"]
[Round "4"]
[White "Mansilla Tolosa, Luis Eduardo"]
[Black "Morona Minguez, Irene"]
[Result "1-0"]
[WhiteElo "2109"]
[BlackElo "1867"]
[PlyCount "91"]
[EventDate "2010.01.08"]
[EventType "swiss"]
[EventRounds "9"]
[EventCountry "ESP"]
[SourceTitle "CBM 134 Extra"]
[Source "ChessBase"]
[SourceDate "2010.03.03"]
[SourceVersion "1"]
[SourceVersionDate "2010.03.03"]
[SourceQuality "1"]

1. d4 Nf6 2. c4 g6 3. Nc3 Bg7 4. e4 d6 5. f4 0-0 6. Nf3 Na6 7. Bd3 Bg4 8. 0-0 Nd7 9. Be3 e5 10. Be2 f5 11. dxe5 dxe5 12. Qd5+ Kh8 13. Rad1 exf4 14. Bxf4 fxe4 15. Ng5 Bxc3 16. Bxg4 Nf6 17. Qxd8 Raxd8 18. bxc3 Rde8 19. Ne6 Nxg4 20. Nxf8 Rxf8 21. Be5+ Kg8 22. Rxf8+ Kxf8 23. Bg3 Ke7 24. Rd4 Nf6 25. Be5 Nc5 26. Bxc7 Ne6 27. Bd6+ Kd7 28. Rd1 Kc6 29. Bb8 Ne8 30. Bxa7 Nd6 31. Re1 Nc5 32. Bxc5 Kxc5 33. Kf2 Kxc4 34. Ke3 Kxc3 35. Rd1 Nf5+ 36. Kxe4 h5 37. Rb1 b5 38. a3 Nd4 39. Rb4 Nf5 40. Ke5 Ne3 41. Rxb5 Nxg2 42. a4 Ne1 43. Kf4 g5+ 44. Kxg5 Nf3+ 45. Kxh5 Nxh2 46. Rf5 1-0

[Event "Madrid-ch sf-B"]
[Site "Madrid"]
[Date "2010.01.14"]
[Round "3"]
[White "Tirado Parra, Alberto"]
[Black "Mansilla Tolosa, Luis Eduardo"]
[Result "1/2-1/2"]
[WhiteElo "1957"]
[BlackElo "2109"]
[PlyCount "71"]
[EventDate "2010.01.08"]
[EventType "swiss"]
[EventRounds "9"]
[EventCountry "ESP"]
[SourceTitle "CBM 134 Extra"]
[Source "ChessBase"]
[SourceDate "2010.03.03"]
[SourceVersion "1"]
[SourceVersionDate "2010.03.03"]
[SourceQuality "1"]

1. d4 Nf6 2. c4 e6 3. Nf3 d5 4. Nc3 Be7 5. Bg5 Nbd7 6. e3 Ne4 7. Bxe7 Qxe7 8. Rc1 Ndf6 9. Bd3 0-0 10. 0-0 Nxc3 11. bxc3 b6 12. cxd5 exd5 13. Ne5 c5 14. c4 Bb7 15. cxd5 Bxd5 16. Qa4 Qe6 17. Ba6 cxd4 18. exd4 Bxa2 19. Bb7 Bb3 20. Qa6 Rab8 21. Rfe1 Bd5 22. Nc6 Bxc6 23. Bxc6 Qd6 24. d5 Ng4 25. g3 Rbc8 26. Qe2 Nf6 27. Qe5 Qxe5 28. Rxe5 Rfd8 29. Rce1 Kf8 30. Re7 Nxd5 31. Bxd5 Rxd5 32. Rxa7 Rb8 33. Ree7 Rf5 34. f4 b5 35. Kg2 b4 36. Reb7 1/2-1/2

[Event "Madrid-ch sf-B"]
[Site "Madrid"]
[Date "2010.01.09"]
[Round "2"]
[White "Mansilla Tolosa, Luis Eduardo"]
[Black "Cerrato Torrijos, Maria"]
[Result "0-1"]
[WhiteElo "2109"]
[BlackElo "2012"]
[PlyCount "72"]
[EventDate "2010.01.08"]
[EventType "swiss"]
[EventRounds "9"]
[EventCountry "ESP"]
[SourceTitle "CBM 134 Extra"]
[Source "ChessBase"]
[SourceDate "2010.03.03"]
[SourceVersion "1"]
[SourceVersionDate "2010.03.03"]
[SourceQuality "1"]

1. Nf3 Nf6 2. g3 d5 3. d4 c6 4. Bg2 g6 5. 0-0 Bg7 6. b3 0-0 7. Bb2 Bf5 8. Nbd2 Na6 9. Nh4 Be6 10. c4 Nc7 11. Qc2 Qd7 12. Rfd1 g5 13. Nhf3 Bf5 14. Qc1 h6 15. Ne5 Qd8 16. Qc3 Ne6 17. Qf3 Bc2 18. Rdc1 Bh7 19. Qc3 Rc8 20. Qb4 Qb6 21. Qc3 Qd8 22. Bh3 c5 23. e3 cxd4 24. exd4 Nd7 25. Nxf7 Qb6 26. Qe3 Kxf7 27. Re1 Nxd4 28. Bxd7 Rcd8 29. Qxe7+ Kg8 30. c5 Qb4 31. Bxd4 Bxd4 32. Nf3 Bxa1 33. Rxa1 Qc3 34. Qe5 Rxf3 35. Qe6+ Rf7 36. Re1 Rdxd7 0-1

[Event "Madrid-chT Honor"]
[Site "Madrid"]
[Date "2009.12.13"]
[Round "3"]
[White "Lopez Gomez, Miguel"]
[Black "Mansilla Tolosa, Luis Eduardo"]
[Result "0-1"]
[WhiteElo "2087"]
[BlackElo "2099"]
[PlyCount "78"]
[EventDate "2009.11.22"]
[EventType "team-tourn"]
[EventRounds "13"]
[EventCountry "ESP"]
[SourceTitle "EXT 2011"]
[Source "ChessBase"]
[SourceDate "2010.11.26"]
[SourceVersion "1"]
[SourceVersionDate "2010.11.26"]
[SourceQuality "1"]

1. d4 Nf6 2. Nf3 d5 3. e3 e6 4. Bd3 Bd6 5. Nbd2 0-0 6. b3 b6 7. Bb2 Bb7 8. Ne5 Nbd7 9. 0-0 Ne4 10. Bxe4 dxe4 11. Ndc4 f6 12. Nxd6 cxd6 13. Nc4 Ba6 14. Nxd6 Bxf1 15. Qxf1 f5 16. Qc4 Rf6 17. Nxf5 Rxf5 18. Qxe6+ Rf7 19. Qxe4 Rc8 20. f3 b5 21. c3 Qg5 22. Re1 Rcf8 23. Ba3 Rc8 24. Bb2 Nb6 25. f4 Qe7 26. Qf3 Re8 27. e4 Qb7 28. g3 Rfe7 29. Qh5 Rxe4 30. Qxe8+ Rxe8 31. Rxe8+ Kf7 32. Re3 Nd5 33. Re5 g6 34. Kf2 Qc6 35. Ba3 a5 36. Bc5 Nxc3 37. Ke1 b4 38. Be7 Qh1+ 39. Kd2 Qd1+ 0-1

[Event "San Sebastian Constitucion op 11th"]
[Site "San Sebastian"]
[Date "2009.12.08"]
[Round "9"]
[White "Mansilla Tolosa, Luis Eduardo"]
[Black "Semprun Martinez, Fernando M"]
[Result "1-0"]
[WhiteElo "2099"]
[BlackElo "2170"]
[PlyCount "75"]
[EventDate "2009.11.30"]
[EventType "swiss"]
[EventRounds "9"]
[EventCountry "ESP"]
[SourceTitle "CBM 133 Extra"]
[Source "ChessBase"]
[SourceDate "2010.01.05"]
[SourceVersion "1"]
[SourceVersionDate "2010.01.05"]
[SourceQuality "1"]

1. c4 c5 2. Nc3 Nc6 3. g3 g6 4. Bg2 Bg7 5. d3 d6 6. e4 e5 7. Nge2 Nge7 8. 0-0 0-0 9. a3 Rb8 10. f4 f5 11. Kh1 Be6 12. Nd5 b5 13. Rb1 a5 14. fxe5 Bxe5 15. Nec3 bxc4 16. Bh6 Rf7 17. dxc4 Qd7 18. Nb5 Nd4 19. a4 fxe4 20. Rxf7 Bxf7 21. Nxd4 Bxd4 22. Qxd4 cxd4 23. Nf6+ Kh8 24. Nxd7 Rd8 25. Nf6 e3 26. b3 Nf5 27. Bf4 h6 28. Be4 Kg7 29. Nd5 Bxd5 30. cxd5 Re8 31. Bxf5 gxf5 32. Kg2 Kf6 33. Bxd6 Rd8 34. Bf4 Rxd5 35. Bxh6 Ke5 36. Kf3 Rc5 37. Bg7+ Kd5 38. Rd1 1-0

[Event "San Sebastian Constitucion op 11th"]
[Site "San Sebastian"]
[Date "2009.12.03"]
[Round "4"]
[White "Mansilla Tolosa, Luis Eduardo"]
[Black "Elissalt Cardenas, Hector"]
[Result "0-1"]
[WhiteElo "2099"]
[BlackElo "2358"]
[PlyCount "134"]
[EventDate "2009.11.30"]
[EventType "swiss"]
[EventRounds "9"]
[EventCountry "ESP"]
[SourceTitle "CBM 133 Extra"]
[Source "ChessBase"]
[SourceDate "2010.01.05"]
[SourceVersion "1"]
[SourceVersionDate "2010.01.05"]
[SourceQuality "1"]

1. Nf3 e6 2. e4 c5 3. Nc3 a6 4. d4 cxd4 5. Nxd4 Qc7 6. Bd3 b5 7. 0-0 Bb7 8. Be3 Nf6 9. f3 b4 10. Nce2 d5 11. e5 Nfd7 12. f4 g6 13. c3 bxc3 14. Nxc3 Nc6 15. Nxc6 Qxc6 16. Qe2 Bc5 17. Bf2 0-0 18. Qg4 Qb6 19. Rab1 Rac8 20. Qg3 Bxf2+ 21. Qxf2 Qxf2+ 22. Rxf2 g5 23. g3 gxf4 24. gxf4 f6 25. exf6 Rxf6 26. Ne2 Nc5 27. Rd1 Nxd3 28. Rxd3 Rc2 29. Rb3 Bc6 30. Rc3 Rxc3 31. bxc3 Rg6+ 32. Rg2 Rxg2+ 33. Kxg2 d4+ 34. Kf2 dxc3 35. Nxc3 Kf7 36. Ke3 Kf6 37. Ne2 Bd5 38. a3 Kf5 39. h3 Bg2 40. Ng3+ Kf6 41. h4 e5 42. Nh5+ Kf5 43. fxe5 Kxe5 44. Nf4 Bc6 45. Nd3+ Kf5 46. Nc5 Bb5 47. a4 Bf1 48. Kf2 Bc4 49. Kf3 h6 50. Nd7 a5 51. Kg3 Bb3 52. Nc5 Bd5 53. Nd7 Ke6 54. Nc5+ Ke5 55. Nd7+ Kd6 56. Nf6 Bc6 57. Ng4 Bxa4 58. Nxh6 Bd7 59. Nf7+ Ke6 60. Kf4 a4 61. Ng5+ Kd5 62. Nf3 a3 63. Ne1 a2 64. Nc2 Kc4 65. h5 Be8 66. Ke3 Kc3 67. Na1 Bxh5 0-1